Návrh robustných PI regulátorov pre systémy s dopravným oneskorením dizertačná práca

Salvato in:
Dettagli Bibliografici
Autore principale: Matejíčková, Katarína
Natura: Libro
Lingua:slovacco
Pubblicazione: Bratislava STU FCHPT 2013
Accesso online:Visualizza in OPAC
Tags: Aggiungi Tag
Nessun Tag, puoi essere il primo ad aggiungerne!!

MARC

LEADER 00000nam a2200000 a 4500
005 20260127134019.0
008 170313 2013 xo 000 0 slo d
035 |a vtls011617224 
039 9 |y 201703131019  |z mschk03 
040 |a STUSCHK1  |b slo  |c STUSCHK1  |e AACR2 
100 1 |a Matejíčková, Katarína 
245 1 |a Návrh robustných PI regulátorov pre systémy s dopravným oneskorením  |b dizertačná práca  |c Katarína Matejíčková 
260 |a Bratislava  |b STU FCHPT  |c 2013 
300 |a 197 s.  |b obr.,tab.  |c 30 cm 
500 |a Študijný program: riadenie procesov 
500 |a Študijný odbor: automatizácia 
500 |a Školiace pracovisko: Odd. informatizácie a riadenia procesov 
500 |a Evidenčné číslo: FCHPT-10881-19724 
910 |a SCHK95 
999 |c 2115  |d 2115